000 01692cam a22004577a 4500
003 CHAP
005 20220817043415.0
008 971201d1997 mx a r 00110 spa d
010 _a74608
011 _a75580
035 _a85146
040 _cCHAP
090 _aTesis
100 0 0 _aAcosta Peña, Brasil Alberto.
_9685
245 1 3 _aEl sector agropecuario de la región mixteca poblana :
_bventajas corporativas y posibilidades de desarrollo
_c/por Brasil Alberto Acosta Peña
260 _aChapingo, Méx. :
_bEl autor,
_c1997.
300 _a74 h. :
_bilus. ; gráfs. ; anexos
502 _aTesis (Ing. Agr. Esp. en Economía Agrícola) -- UACH. Departamento de Economía Agrícola
590 _aALEPH
_b10
_c20130110
_lUCH01
_h1420
590 _aBATCH-UPD
_b10
_c20130110
_lUCH01
_h0101
590 _aBATCH-UPD
_b10
_c20130110
_lUCH01
_h0916
590 _aBATCH-UPD
_b10
_c20130409
_lUCH01
_h2050
590 _aBATCH-UPD
_b10
_c20130410
_lUCH01
_h0539
590 _aBATCH-UPD
_b10
_c20130913
_lUCH01
_h1915
590 _aCONVERSION
_b10
_c20130109
_lUCH01
_h1341
650 1 4 _aCacahuate
_xAspectos económicos.
_916853
650 1 4 _aCacahuate
_zPuebla.
_916917
650 1 4 _aFrijol
_xAspectos económicos.
_943328
650 1 4 _aFrijol
_xPuebla.
_943424
650 1 4 _aMaíz
_xAspectos económicos.
_970865
650 1 4 _aMaíz
_zPuebla.
650 1 4 _aPolítica económica
_xPuebla.
_990522
650 2 4 _aGanado cabrío
_zPuebla.
_945054
650 2 4 _aHidroponía.
_955280
650 2 4 _aSubsidios.
_9110160
901 _aBK
905 _aAlejandra Carrasco M.
942 _cFOLL
949 _bBC
_cTES
_d33724000637047
_eTS2
_fc.2
_h31349
_i85146
_sb
949 _bBC
_cTES
_d851461
_eTS1
_h31348
_i85146
_sb
999 _c74608
_d74608